000 00429nam a2200169Ia 4500
008 090122s9999 xx 000 0 und d
082 _b9353
100 _aराऊत
_bउल्का
_c-
245 _aऋतू-शैशव
260 _bरोहन
_c2000
300 _a140
600 _aराऊत
630 _aऋतू-शैशव
700 _aराऊत
730 _aऋतू-शैशव
942 _cBOOK
999 _c33430
_d33430